[Event "New Delhi Parsvnath blitz op 18th"]
[Site "New Delhi"]
[Date "2020.01.14"]
[Round "2"]
[White "Varshith, Nela"]
[Black "Avinash, Ramesh"]
[Result "0-1"]
[WhiteElo "1588"]
[BlackElo "1934"]
[PlyCount "59"]
[EventDate "2020.01.14"]
[EventType "swiss (blitz)"]
[EventRounds "9"]
[EventCountry "IND"]
[SourceTitle "CBM 194 Extra"]
[Source "ChessBase"]
[SourceDate "2020.03.31"]
[SourceVersion "1"]
[SourceVersionDate "2020.03.31"]
[SourceQuality "1"]

1. d4 Nf6 2. c4 g6 3. Nc3 d5 4. e3 Bg7 5. Nf3 0-0 6. Be2 c5 7. 0-0 cxd4 8. exd4 dxc4 9. Bxc4 a6 10. a4 Nbd7 11. Re1 Nb6 12. Be2 Nbd5 13. Ne5 Be6 14. Be3 Nxe3 15. fxe3 Nd5 16. Nxd5 Bxd5 17. Nf3 Rc8 18. Rc1 Qb6 19. Qd2 Qb3 20. Rc3 Qxa4 21. Rec1 Rxc3 22. Qxc3 Qc6 23. Qd2 Qd6 24. Bc4 Bxc4 25. Rxc4 Rd8 26. Qc2 e5 27. Rc8 exd4 28. Rxd8+ Qxd8 29. Qd1 d3 30. Kf2 0-1